La cocina de "ellas" (Record no. 29141)

MARC details
000 -LEADER
campo de control de longitud fija 00872nam a2200229 i 4500
001 - NÚMERO DE CONTROL
campo de control 29141
003 - IDENTIFICADOR DE NÚMERO DE CONTROL
campo de control ES-MaACL
005 - FECHA Y HORA DE LA ÚLTIMA TRANSACCIÓN
campo de control 20241210140212.0
007 - CAMPO FIJO DE DESCRIPCIÓN FÍSICA--INFORMACIÓN GENERAL
campo de control de longitud fija t|
008 - DATOS DE LONGITUD FIJA--INFORMACIÓN GENERAL
campo de control de longitud fija 030121s1935 sp |||| | spa d
080 ## - NÚMERO DE LA CLASIFICACIÓN DECIMAL UNIVERSAL
Número de la Clasificación Decimal Universal 641.55(083.12)
100 1# - ENTRADA PRINCIPAL--NOMBRE DE PERSONA
Nombre de persona Bardají, Teodoro.
9 (RLIN) 162932
245 13 - MENCIÓN DEL TÍTULO
Título La cocina de "ellas"
Resto del título : fórmulas escogidas de cocina práctica, repostería, helados y gastronomía en general /
Mención de responsabilidad, etc. por Teodoro Bardají Mas ; prólogos de José Mª Pemán, Joaquín Arrarás y Francisco Mullor Fernández.
260 ## - PUBLICACIÓN, DISTRIBUCIÓN, ETC.
Lugar de publicación, distribución, etc. Madrid :
Nombre del editor, distribuidor, etc. [s.n.,
Fecha de publicación, distribución, etc. 1935] (
Fabricante Imp. Luz y Vida)
300 ## - DESCRIPCIÓN FÍSICA
Extensión XV, 343 p. ;
Dimensiones 25 cm.
650 #4 - PUNTO DE ACCESO ADICIONAL DE MATERIA--TÉRMINO DE MATERIA
Término de materia o nombre geográfico como elemento de entrada Cocina-
Subdivisión de forma Recetas.
9 (RLIN) 11127
700 1# - ENTRADA AGREGADA--NOMBRE PERSONAL
Nombre de persona Pemán, José María,
Fechas asociadas al nombre 1897-1981
9 (RLIN) 90130
700 1# - ENTRADA AGREGADA--NOMBRE PERSONAL
Nombre de persona Arrarás, Joaquín.
9 (RLIN) 23228
700 1# - ENTRADA AGREGADA--NOMBRE PERSONAL
Nombre de persona Mullor Fernández, Francisco.
9 (RLIN) 84158
852 ## - LOCALIZACIÓN
Ubicación ES-MaACL
Número de control de estantería A-4151
Holdings
Estatus retirado Estado de pérdida Estado de daño No para préstamo Biblioteca de origen Biblioteca actual Ubicación en estantería Fecha de adquisición Fuente de adquisición Total de préstamos Signatura topográfica completa Código de barras Visto por última vez Precio de reemplazo Tipo de ítem Koha
        Biblioteca del Ateneo de Madrid Biblioteca del Ateneo de Madrid Sala Pecera Planta 1 17/01/2008     A-4151 1030085 23/02/2023 23/02/2023 Libro impreso